ر عنا :کو ّثر صد يقی کی ا ختر ا عی صنف (Record no. 164293)

MARC details
000 -LEADER
fixed length control field 00749nam a22001937a 4500
005 - DATE AND TIME OF LATEST TRANSACTION
control field 20190515160904.0
010 ## - LCCN (DPL NO)
LC control number UR-10127
020 ## - INTERNATIONAL STANDARD BOOK NUMBER
Terms of availability 100.00
International Standard Book Number 9789388105118
035 ## - SYSTEM CONTROL NUMBER
System control number U-8682
037 ## - SOURCE OF ACQUISITION
Source of stock number/acquisition DBAD/PUB
082 ## - DEWEY DECIMAL CLASSIFICATION NUMBER
Classification number 841
100 ## - MAIN ENTRY--PERSONAL NAME
Personal name مناظر عا شق ہر گا نو ی
245 ## - TITLE STATEMENT
Title ر عنا :کو ّثر صد يقی کی ا ختر ا عی صنف
Statement of responsibility, etc مناظر عا شق ہر گا نو ی
246 ## - VARYING FORM OF TITLE
Remainder of title ‏Rana :Kausar Siddiqui Ki Ikhtiraee Sinf (Urdu)
Title proper/short title byManazir Ashiq Harganvi
260 ## - PUBLICATION, DISTRIBUTION, ETC. (IMPRINT)
Place of publication, distribution, etc Delhi
Name of publisher, distributor, etc Educational Publishing House
Date of publication, distribution, etc 2018 ء
270 ## - ADDRESS
Address 3191،Vakil Street,Kucha Pandit,Lal Kuan,
City Delhi
Postal code 110006
Telephone number 23216162
Fax number 00911123211540
300 ## - PHYSICAL DESCRIPTION
Extent 76ص
Dimensions 22 Cm.(bk)
942 ## - ADDED ENTRY ELEMENTS (KOHA)
Source of classification or shelving scheme Dewey Decimal Classification
Item type Urdu Bks
Classification part 841
Call number suffix ہ ر گ
Holdings
Withdrawn status Lost status Not for loan Collection code Home library Current library Date acquired Source of acquisition Cost, normal purchase price Full call number Barcode Copy number Cost, replacement price Koha item type
    Not For Loan Non-fiction D.B.Act.Division D.B.Act.Division 15/05/2019 DBAD/PUB 100.00 841 ہ ر گ U-8682 1 100.00 Urdu Bks

© Delhi Public Library
Hit Counter
free hit counter